Nuevo derecho parroquial

Saved in:
Bibliografiske detaljer
Main Authors: Manzanares Marijuán, Julio (autor), Santos, José Luis (Author)
Andre forfattere: Mostaza Rodríguez, Antonio (autor)
Format: Bog
Sprog:spansk
Udgivet: Madrid Biblioteca de Autores Cristianos 1994
Serier:Biblioteca de Autores Cristianos, 501
Fag:
Tags: Tilføj Tag
Ingen Tags, Vær først til at tagge denne postø!

MARC

LEADER 00000nam a2200000 a 4500
001 UCR7159
003 CL-VaPUC
008 980514e19940000SP |||||||||||||||||spa|d
082 0 4 |a 262.9  |b MAN  |2 21 
100 |a Manzanares Marijuán, Julio  |e autor  |9 623235 
700 |a Mostaza Rodríguez, Antonio  |e autor  |9 294886 
700 0 |a Santos, José Luis  |e author  |9 408484 
245 1 0 |a Nuevo derecho parroquial 
300 |a 639 p 
942 |c BK 
945 |d 19980514 00:00:00  |a rbrito 
260 |a Madrid  |b Biblioteca de Autores Cristianos  |c 1994 
650 7 |a DERECHO CANONICO  |2 CL-VaPUC  |9 408485 
650 0 |a Parroquias   |9 258927 
650 7 |a COMUNIDAD CRISTIANA  |2 CL-VaPUC  |9 395236 
650 7 |a PARROCO  |2 CL-VaPUC  |9 408486 
650 7 |a DERECHOS PARROQUIALES  |2 CL-VaPUC  |9 408487 
650 0 |a Sacramentos   |9 257270 
583 |a last modification  |c 19980514 00:00:00  |k Rodrigo Vera 
490 0 |a Biblioteca de Autores Cristianos, 501 
999 |c 268972  |d 268970 
952 |0 0  |1 0  |4 0  |6 262_900000000000000_MAN_1994  |7 0  |8 A  |9 302531  |a BIBDER  |b BIBDER  |d 2019-11-20  |i 3424529  |o 262.9 MAN 1994  |p 3424529  |r 2023-01-25  |w 2019-11-20  |y BK  |k DER